[Event "Hessen-ch op-B"]
[Site "Frankfurt Sossenheim"]
[Date "2015.??.??"]
[Round "2"]
[White "Zimmer, Sascha"]
[Black "Praetz, Friedrich"]
[Result "1/2-1/2"]
[WhiteElo "1937"]
[BlackElo "1013"]
[PlyCount "124"]
[EventDate "2015.05.13"]
[EventType "swiss"]
[EventRounds "7"]
[EventCountry "GER"]
[SourceTitle "EXT 2016"]
[Source "ChessBase"]
[SourceDate "2015.10.08"]
[SourceVersion "1"]
[SourceVersionDate "2015.10.08"]
[SourceQuality "1"]

1. e4 e6 2. c4 d5 3. cxd5 exd5 4. e5 Nd7 5. d4 Bb4+ 6. Nc3 c5 7. a3 cxd4 8. Qxd4 Bxc3+ 9. Qxc3 Nb6 10. Nf3 Be6 11. Bb5+ Nd7 12. Be3 Ne7 13. Rc1 Rc8 14. Bxd7+ Bxd7 15. Qb3 Qa5+ 16. Rc3 Rxc3 17. bxc3 Bb5 18. Nd4 Bc4 19. Qb4 Qc7 20. f4 0-0 21. Kd2 Rc8 22. Rc1 Nc6 23. Nxc6 bxc6 24. Rb1 a6 25. Qb7 Qd8 26. Rb6 Bb5 27. Bc5 Rc7 28. Qb8 Rc8 29. Bd6 Rxb8 30. Rxb8 Qxb8 31. Bxb8 Kf8 32. f5 Bf1 33. Bd6+ Ke8 34. g3 Bh3 35. f6 g6 36. Ke3 Bf1 37. a4 Kd7 38. Kd4 Bc4 39. a5 h5 40. Kc5 Bb5 41. Kd4 Ke6 42. Ke3 Kf5 43. Kf2 Bd3 44. Ke3 Bc4 45. h3 Bf1 46. g4+ Ke6 47. gxh5 gxh5 48. h4 Kf5 49. Kd4 Ke6 50. Kc5 Bb5 51. Bc7 Kd7 52. Kb6 Ke6 53. Bd6 Kd7 54. Kb7 Ke6 55. Kc7 c5 56. Bxc5 Kxe5 57. Bd4+ Ke6 58. Kd8 Bc4 59. Ke8 Bb5+ 60. Kf8 Be2 61. Kg7 Bd3 62. Bc5 Bg6 1/2-1/2